MDQL
is popping MORE tags! Check the
thread
!
Quizzes
Events
Quiz Creation
Community
Videos
Private Events
Remove Ads
Sign In
Join for FREE
Feedback
Dark Mode
Quiz Categories
Sports
Geography
Music
Movies
Television
Just For Fun
Miscellaneous
History
Literature
Language
Science
Gaming
Entertainment
Religion
Holiday
For Kids
Quiz Lab
Recent
Popular Today
Quiz Kudos Today
Editor Picks
Curator Picks
Quizzes by...
Day
Popularity
Type
Ratings
Length
Year
Community
Subscriptions
Recent Discussions
Orange Saloon
Badges
Playlists
Quests
Create
Leaderboards
Showdown
Live 5
Trivia Bingo
Activity
Puzzle Library
Sporcle Events
Private Events
Virtual Trivia
Globe League
Become a Host
Pub Owners
SporcleCon
Opinionation
Our Games
Videos
Blog
Mobile Apps
Partnerships
Remove Ads and Go Orange
Feedback
Gaming
Video Games
Board Games
Card Games
Pokémon
Mario
Nintendo
Minecraft
Console
Toys
Legend of Zelda
Gaming
Video Games
Board Games
Card Games
Pokémon
Mario
Nintendo
Minecraft
Console
Toys
Legend of Zelda
Random Quiz
Search Sporcle
×
Quiz Lab
Quiz Lab
Gaming
Character
Type in answers that appear in a list
Type in answers that appear in a list
Classic
Best Score? Go Orange.
Witcher 3 Characters Stats
Can you name the Witcher 3 Characters?
By
Yenson23
10m
37 Questions
2,587 Plays
2,587 Plays
2,587 Plays
Comments
Comments
Give Quiz Kudos
Give Quiz Kudos
-
- Ratings
hide this ad
More Info
Replay
Link that replays current quiz
Next Quiz
Link to next quiz in quiz playlist
You Got
0%
They Got
Avg Score
52%
Avg Friend Score
Upgrade to see
Score Distribution
Jump to the score distribution portion of the page
Score
0/37
Timer
10:00
0
Plays Today
Character
% Correct
Geralt of Rivia
99.2%
Cirilla
96%
Triss Merigold
95.4%
Yennefer of Vengerberg
92.3%
Ves
82.6%
Dandelion
80.6%
Vesemir
76.8%
Lambert
70.7%
Zoltan Chivay
68.5%
Vernon Roche
65.4%
Keira Metz
64.6%
Eskel
64.1%
Emhyr var Emreis
61.8%
Sigismund Dijkstra
60%
Crach an Craite
58.2%
Radovid
56.4%
Eredin
54.5%
Philippa Eilhart
52%
Cerys an Craite
51.9%
Character
% Correct
Avallac'h
51.5%
Hjalmar an Craite
48.6%
Anna Strenger
43.8%
Imlerith
41.1%
Priscilla
39.2%
Philip Strenger
37.6%
Tamara Strenger
37.3%
Letho
35.9%
Fringilla Vigo
33.5%
Dudu Biberveldt
32.2%
Ermion
31.7%
Caranthir
30.8%
Whoreson Junior
29.2%
Thaler
24.2%
Johnny
23.5%
Morvran Voorhis
21.1%
Caleb Menge
18.7%
Rosa var Attre
8.8%
Quiz Playlist
Details
Report
Send in Message
Add To Playlist
More Info:
Name the key Witcher 3 Characters?
Classic:
Type in answers that appear in a list
Last Updated: Jun 7, 2017
Quiz Scoreboard
CHALLENGE
Sign Up to Join the Scoreboard
Show All
Scores
Hide
Comments
May contain spoilers
Recently Published
1-10 Letter E Words III
by El_Dandy
Language
2m
Street Fighter Characters
by Artimus82
Gaming
60s
College Basketball Coaching Resumes
by pancakes188
Sports
9m
More to Explore
Quiz From the Vault
Featured Blog Post
Where Did the Easter Bunny Come From?
hide this ad
You Might Also Like...
Tags
Character
Today's Top Quizzes in Gaming
Browse Gaming
hide this ad
Today's Top Quizzes in Character
Browse Character
Top Contributed Quizzes in Gaming
1
5-to-1: Consoles
2
7-to-1: Board Game Piece Blitz
3
5-to-1: Legend of Zelda
4
League of Legends Pro Players by Career/Team History
5
Destiny 2 exotic weapons by perk icons
6
Ultimate Genshin Impact Logic Puzzle (up to 4.3)
7
Quick Pick: Video Games Lost in Translation
8
Franchise by Action Figure
9
Who's on the WWE 2K24 Cover?
10
Genshin Impact Logic Puzzle Quiz
Explore More
Trending Topics
NBA
Crossword
Kpop
Marvel
Harry Potter
Anime
Disney
The Office
Puzzle
Soccer
Song
Pokémon
Country
NFL
WWE
hide this ad
More By:
Yenson23
Quiz
Plays
Rating
Category
Featured
Created
Witcher 3 Characters
2,587
3.20
Gaming
Feb 28, 2016
Go to Creator's Profile
Score Distribution
Quiz Creator Spotlight
Yenson23
Follow
Send a Message
Quizzes Created
-
Created Quiz Play Count
-
More By This Creator
Popular Quizzes Today
1
Find the US States - No Outlines Minefield
2
Find the Countries of Europe - No Outlines Minefield
3
Find the US States
4
The Countries of the World
5
Risky Map Clicking: Biggest States A-Z
6
US States
7
Popular People in 1961
8
Movies - When Are They Set?
More Gaming Quizzes
Giant Dragon Age Picture Find
Quiz Lab
Trending Quizzes
Risky Map Clicking: Least Populous States A-Z
1-10 Letter G Words
1-10 Letter F Words
Countries of the World: 200 Million BC
Risky Map Clicking: Next State Alphabetically
Recently Updated
Rides in Walt Disney World
pecheneg
Most Oscar Losses (Acting)
pecheneg
Beyoncé Albums
pecheneg
Leaping Animals
pecheneg
Reality TV Shows (A-Z)
bhenderson79
Rickey Henderson's Hall of Fame Teammates
pecheneg
Champions League XIs: Arsenal
pecheneg
Quick Pick: Celebrities in WWE's Hall of Fame
aduchscher
A-Z Keypad Blitz II
pecheneg
Trending Topics
Anime
Crossword
Marvel
Harry Potter
Kpop
NBA
Disney
WWE
Song
Puzzle
The Office
Soccer
Country
NFL
Pokémon
Your Account Isn't Verified!
In order to create a playlist on Sporcle, you need to verify the email address you used during registration. Go to your
Sporcle Settings
to finish the process.
Report this User
Report this user for behavior that violates our
Community Guidelines
.
Details:
Send Report
Go to the Sporcle.com Mobile Site →
Comments